000 00656nas a2200229 4500
001 BR9509852
003 BR-BrBNA
005 20231205094554.0
007 ta
008 230509b bl.|||p| |||| 00| 00por d
040 _aBR-BrBNA
_bpor
_cBiblioteca Nacional de Agricultura
041 _a(Pt)
072 _aL02
100 1 _aCandel, M.
245 1 _aResumo sobre a utilizacao da canola na alimentacao de bovinos leiteiros
650 _aGado Leiteiro
650 _aNutricao Animal
650 _aColza
773 0 _tRevista Batavo (Brazil)
_x
_g(Aug 1995), v. 4(46) p. 7
_wBR9509852
909 _a202311
_bLúcia
_c55
_dLúcia Elande
942 _2AGRIS
_n0
_cANA
999 _c145352
_d145352